Applied functional analysis
Saved in:
| Main Author: | |
|---|---|
| Format: | Book |
| Language: | English |
| Published: |
Chichester, W. Sussex : New York :
E. Horwood, Halsted Press,
1981
|
| Series: | Ellis Horwood series in mathematics and its applications
|
| Subjects: | |
| Tags: |
Add Tag
No Tags, Be the first to tag this record!
|
MARC
| LEADER | 00000cam a2200000 i 4500 | ||
|---|---|---|---|
| 001 | 1/54669 | ||
| 008 | 941103s1981 eng d | ||
| 020 | |a 0853122261 |c Ή25/- | ||
| 035 | |l 10045063 | ||
| 035 | |a 1995 |c ΚΑΝΔΥΛΑΚΗΣ | ||
| 040 | |a GR-MY-UA |b gre |e aacr | ||
| 041 | 0 | |a eng | |
| 082 | 0 | |a 515.7 |2 (19) | |
| 100 | 1 | |a Griffel, D. H. | |
| 245 | 1 | 0 | |a Applied functional analysis / |c D.H. Griffel |
| 260 | |a Chichester, W. Sussex : |a New York : |b E. Horwood, |b Halsted Press, |c 1981 | ||
| 300 | |a 386 p.; |c 24 cm | ||
| 490 | 1 | |a Ellis Horwood series in mathematics and its applications | |
| 500 | |a Includes indexes | ||
| 504 | |a Bibliography: p. 378-382 | ||
| 650 | 0 | 0 | |a Functional analysis. |
| 830 | 0 | |a Ellis Horwood series in mathematics and its applications | |
| 852 | |a INST |b SAMOS |e 19941103 |h 515.7 GRI |p 005300004786 |q 005300004786 |t BK |y 0 | ||
| 909 | |a Σ |b 021111 | ||